县级行政区接壤地图#29 沙依巴克区 Saybagh Bordering Map - Statistics

General Stats
  • This quiz has been taken 6 times
  • The average score is 4 of 5
Answers on the Map
Answers color-coded by a green-red scale on the quiz's map according to % correct below.
 
Answer Stats
% Correct
天山区
100%
乌鲁木齐县
100%
新市区
83%
头屯河区
67%
水磨沟区
67%
No matching quizzes found
Score Distribution
Percent of People with Each Score
Percentile by Number Answered
Your Score History
You have not taken this quiz